000 00550nam a2200169 a 4500
005 20140412111249.0
008 020515s19uu xx 00 eng d
020 _a0-590-76347-4
050 _aTR(PS E
_bWh56 1993
100 _aCurtis, Jamie Lee
245 _aWhen I was little :
_ba four-year-olds memoir of her youth /
_cby Jamie Lee Curtis ; illustrated by Laura Cornell.
260 _aNew York :
_bScholastic Inc,
_c1993.
300 _a[29] p. ; ill.
650 _aLittle girl
_xFiction
650 _aChildren stories
_xFiction
999 _c103072
_d103072